Computers (Record no. 79686)

MARC details
000 -LEADER
fixed length control field 00683nam a2200157 a 4500
008 - FIXED-LENGTH DATA ELEMENTS--GENERAL INFORMATION
fixed length control field 120416s1990 ||||||||||||||||| || u
050 ## - LIBRARY OF CONGRESS CALL NUMBER
Classification number QA 76.9.A73 Dow
100 ## - MAIN ENTRY--PERSONAL NAME
Personal name Dowsing, R. D
245 10 - TITLE STATEMENT
Title Computers
246 ## -
-- from logic to architecture
260 ## - PUBLICATION, DISTRIBUTION, ETC.
Place of publication, distribution, etc. London
Name of publisher, distributor, etc. Van Nostrand Reinhold
Date of publication, distribution, etc. 1990
300 ## - PHYSICAL DESCRIPTION
Extent xiv, 290p. : ill.
350 ## -
-- 0.00
995 ## -
-- MAIN LIBRARY OPEN ACCESS
-- 0.00
-- 724238
-- CBU-MAIN LIBRARY (Kitwe)
-- 1
-- 1996.88
-- QA 76.9.A73 Dow
-- 2
-- LOST
-- Mar 7, 2013
-- 010926
-- Main Library Open Access Collection
995 ## -
-- BINDERY (DAMAGED)
-- 0.00
-- 724239
-- CBU-MAIN LIBRARY (Kitwe)
-- 2
-- 1996.88
-- QA 76.9.A73 Dow
-- 1
-- DAMAGED
-- 010925
-- Main Library Open Access Collection
999 ## -
-- 79686
-- 79686
Holdings
Withdrawn status Lost status Source of classification or shelving scheme Damaged status Not for loan Permanent Location Current Location Shelving location Date acquired Total Checkouts Full call number Barcode Date last seen Copy number Price effective from Koha item type
          CBU-MAIN LIBRARY, KITWE. CBU-MAIN LIBRARY, KITWE.   06/29/2023   QA 76.9.A73 Dow 010926 06/29/2023 1 06/29/2023 MONOGRAPH
          CBU-MAIN LIBRARY, KITWE. CBU-MAIN LIBRARY, KITWE.   06/29/2023   QA 76.9.A73 Dow 010925 06/29/2023 2 06/29/2023 MONOGRAPH